000 00382pab a2200133 454500
008 180718b xxu||||| |||| 00| 0 eng d
100 _aVibhute, K.I
245 _aAmbedkar's sense of social justice and constitutional sprint
650 _a Social Justice
650 _a Constitution
650 _aAmbedkar, B.R. - Criticism and Interpretation
773 _aMainstream
909 _a24260
999 _c24260
_d24260